Bilecik Bilecik Bilecik Bilecik Bilecik

Mühendislik yaklaşımıyla termodinamik / (Record no. 65974)

MARC details
000 -BAŞLIK
Sabit Uzunluktaki Kontrol Alanı 00965nam a22003257a 4500
001 - KONTROL NUMARASI
Control Dosyası 0065639
003 - KONTROL NUMARASI KİMLİĞİ
Kontrol Alanı KOHA_MİRAKIL
005 - EN SON İŞLEM TARİHİ ve ZAMANI
Kontrol Alanı 20260207004607.0
007 - FİZİKSEL TANIM SABİT ALAN - GENEL BİLGİ
Sabit uzunluklu kontrol alanı ta
008 - SABİT UZUNLUKTAKİ VERİ ÖGELERİ - GENEL BİLGİ
Sabit Alan 200622b2008 tu |||gr||||#0|||0|tur |
020 ## - ISBN - ULUSLARARASI STANDART KİTAP NUMARASI
Isbn 9789756240267
040 ## - KATALOGLAMA KAYNAĞI
Özgün Kataloglama Kurumu TR-BiSEU
Kataloglama Dili tur
Çeviri Kurumu TR-BiSEU
Açıklama Kuralları rda
041 0# - DİL KODU
Metin ya da ses kaydının dil kodu tur
044 ## - YAYINLAYAN/ÜRETEN KURULUŞUN ÜLKE KODU
ISO country code tu
050 ## - SINIFLAMA ve YER NUMARASI
Sınıflama Numarası TJ265
Yer Numarası .C46 2008
100 1# - KİŞİ ADI
Yazar Adı (Kişi adı) Çengel, Yunus A.
245 1# - ESER ADI BİLDİRİMİ
Başlık Mühendislik yaklaşımıyla termodinamik /
Sorumluluk Bildirimi Yunus A Çengel ; Yunus A. Çengel, Michael Boles; çeviren Ali Pınarbaşı, Güven Bilimsel .
250 ## - BASIM BİLDİRİMİ
Basım Bildirimi 5. Baskı
264 #1 - ÜRERİM, YAYIN, DAĞITIM ve TELİF BİLDİRİMİ
Yayın yeri İzmir :
Yayınlayan Güven Bilimsel Yayınları
Yayın tarihi 2008
300 ## - FİZİKSEL TANIMLAMA
Sayfa, Cilt vb. 945 sayfa; 21 cm.
336 ## - İÇERİK TÜRÜ
Content type term metin
Content type code txt
Source rdacontent
337 ## - MEDYA TÜRÜ
Media type term aracısız
Media type code n
Source rdamedia
338 ## - TAŞIYICI TÜRÜ
Carrier type term cilt
Carrier type code nc
Source rdacarrier
500 ## - GENEL NOT
Genel Not Dizin var.
500 ## - GENEL NOT
Genel Not Kaynakça var.
650 #0 - KONU BAŞLIĞI EK GİRİŞ - KONU TERİMİ
Konusal terim veya coğrafi ad Termodinamik.
9 (RLIN) 1696
650 #0 - KONU BAŞLIĞI EK GİRİŞ - KONU TERİMİ
Konusal terim veya coğrafi ad Thermodynamics.
9 (RLIN) 1697
907 ## - LOCAL DATA ELEMENT G, LDG (RLIN)
a Fen Bilimleri
942 ## - EK GİRİŞ ÖGELERİ (KOHA)
Source of classification or shelving scheme Library of Congress Classification
Koha item type Book
Holdings
Materyal Türü Kalıcı Konum Mevcut Konum Raf Yeri Sınıflandırma Kaynağı Edinim Bilgisi Ana Konular Alt Konular Yer Numarası Demirbaş Numarası Fatura Tarihi Geri Çekilme Durumu Kayıp Durumu Hasarlı Durumu Kredi için değil Kayıt Tarih Toplam Ödünçverme Toplam Yenileme Çıkış Durumu Son Görülme Tarihi Son Kontrol Tarihi Genel / Bağış Notu
Book Prof. Dr. Azmi Özcan Kütüphanesi Prof. Dr. Azmi Özcan Kütüphanesi Birûni Salonu Library of Congress Classification Bağış TEKNOLOJİ Makine Mühendisliği ve Makineler TJ265 .C46 2008 0065639 02/02/2026         22/06/2020 19 1 04/05/2026 14/04/2026 14/04/2026 Genel Bağış